000 00480nam a2200169Ia 4500
005 20250508161524.0
008 008 250505s9999 xx 000 0 eng d
037 _aTextual
040 _aFEDL
_beng
_cFEDL
041 _aeng
_2eng
084 _a379.1, MET
_qFEDL
245 0 _aWhat do they learn-about education?
260 _aNew York, USA
_bMetropolitan School Study Council
_c1955
300 _a33p.
942 _cTEXL
_h379.1, MET
999 _c1370506
_d1370506